Online
Catalog

Análisis psicológico del estudiante universitario : (Record no. 12271)

MARC details
000 -CABECERA
campo de control de longitud fija 00759cam a2200205 a 4500
001 - NÚMERO DE CONTROL
campo de control 000012616
005 - FECHA Y HORA DE LA ÚLTIMA TRANSACCIÓN
campo de control 20250606093706.0
008 - DATOS DE LONGITUD FIJA--INFORMACIÓN GENERAL
campo de control de longitud fija 810311s1967 mx a 001 0 spa
040 ## - FUENTE DE LA CATALOGACIÓN
Centro catalogador/agencia de origen DO-SdBNP
Centro/agencia transcriptor CarP
Centro/agencia modificador DLC
082 ## - NÚMERO DE LA CLASIFICACIÓN DECIMAL DEWEY
Número de clasificación 371.26
Número de documento/Ítem H663a
049 ## - FONDOS LOCALES (OCLC)
Fondos de biblioteca BNGR
100 1# - ENTRADA PRINCIPAL--NOMBRE DE PERSONA
Nombre de persona Hinojosa, Armando
9 (RLIN) 29342
245 10 - MENCIÓN DE TÍTULO
Título Análisis psicológico del estudiante universitario :
Resto del título una técnica para el estudio dinámico del carácter /
Mención de responsabilidad, etc. Armando Hinojosa, Adriana Casio Pascal.
260 ## - PUBLICACIÓN, DISTRIBUCIÓN, ETC.
Lugar de publicación, distribución, etc. México, :
Nombre del editor, distribuidor, etc. Prensa Médica Mexicana,
Fecha de publicación, distribución, etc. 1967.
300 ## - DESCRIPCIÓN FÍSICA
Extensión 412 p. :
Otras características físicas il. ;
Dimensiones 22 cm.
650 #0 - PUNTO DE ACCESO ADICIONAL DE MATERIA--TÉRMINO DE MATERIA
Término de materia o nombre geográfico como elemento de entrada Evaluación educativa
9 (RLIN) 17494
650 #4 - PUNTO DE ACCESO ADICIONAL DE MATERIA--TÉRMINO DE MATERIA
Término de materia o nombre geográfico como elemento de entrada Mediciones y pruebas educativas
9 (RLIN) 2223
700 1# - PUNTO DE ACCESO ADICIONAL--NOMBRE DE PERSONA
Nombre de persona Cosio Pascal, Adriana
Término indicativo de función/relación joint author.
9 (RLIN) 29343
910 ## - DATOS DE OPCIÓN DEL USUARIO (OCLC)
Datos de opción del usuario Catalogación por copia / LC
Holdings
Estado de retiro Estado de pérdida Restricciones de uso No para préstamo Código de colección Localización permanente Ubicación/localización actual Ubicación en estantería Fecha de adquisición Número de inventario Total de préstamos Signatura topográfica completa Código de barras Fecha visto por última vez Precio válido a partir de Tipo de ítem Koha
    Préstamo interno   Monografías: Libros y Folletos General General En catalogación 13.11.2009 LF1   371.26 H663a 12616-10 25.06.2020 25.06.2020 Préstamo interno

Powered by Koha